000 00666nam a2200253Ia 4500
003 OSt
005 20220918174045.0
006 a|||||r|||| 00| 0
007 ta
008 220917b |||||||| |||| 00| 0 eng d
024 _a10,216
037 _cTextual
040 _aARTS
_cARTS
_beng
041 _2eng
_aeng
082 _aQ7:33, L8
100 _aNarayan B K
_924671
245 0 _aMohammed the Prophet of Islam
_b a flame in the desert
260 _aNew Delhi
_bLancers
_c1978
300 _axv,205p. illus
_ccm.
500 _aBib 197-198p
650 _aRELIGION
942 _hQ7:33, L8
_cTEXL
_2CC
999 _c151590
_d151590